Lady Gaga songs by clues of their videos - Statistics

General Stats
  • This quiz has been taken 830 times
    639 since last reset
  • The average score is 8 of 21
Answer Stats
Hint Answer % Correct
Jail Telephone
97%
Motorbikes Judas
73%
Disco ball Just Dance
67%
Chromatica tribes Stupid Love
62%
Nun Alejandro
48%
Mermaid You and I
47%
Italy Eh eh nothing else I can say
43%
Dance school Marry the night
43%
Swan Applause
37%
Real Housewives of Beverly Hills G.U.Y
37%
Underground Lovegame
37%
Universe Born this way
33%
Pink suit Million Reasons
29%
Dead girls Paparazzi
29%
Auction Bad Romance
28%
Car crash John Wayne
25%
People stripping Poker Face
25%
Pink and lavender pastels Rain on me
23%
Red bodysuit Beautiful dirty rich
20%
NYC Edge of glory
20%
Desert Perfect ilusion
11%
No matching quizzes found
Score Distribution
Percent of People with Each Score
Percentile by Number Answered
Your Score History
You have not taken this quiz since the last reset